All 300+ 'L' Girl Names that have ever ranked in the top 1000 (US) - Statistics

General Stats
  • This quiz has been taken 102 times
  • The average score is 142 of 345
Answer Stats
Highest Rank Female Name % Correct
125 Lou
99%
549 Lu
99%
310 Lue
99%
13 Laura
97%
169 Lora
97%
722 Leesa
96%
1 Lisa
96%
997 Lissa
96%
345 Liza
96%
362 Lauri
90%
37 Laurie
90%
397 Lea
90%
24 Leah
90%
187 Lia
90%
377 Liz
90%
853 Loree
90%
11 Lori
90%
251 Lorie
90%
416 Lorri
90%
279 Lorrie
90%
10 Lauren
89%
224 Lauryn
89%
856 Lilie
89%
33 Lillie
89%
106 Lilly
89%
16 Lily
89%
1 Linda
89%
517 Loren
89%
77 Lynda
89%
103 Lola
87%
997 Lolla
87%
195 Lana
85%
674 Louis
83%
338 Lucie
83%
34 Lucy
83%
155 Lila
82%
179 Lilah
82%
262 Lilla
82%
800 Liller
82%
83 Lyla
82%
544 Lylah
82%
10 Luna
80%
805 Lilia
79%
719 Lillia
79%
140 Laila
77%
651 Lailah
77%
24 Layla
77%
623 Laylah
77%
165 Leila
77%
587 Leyla
77%
367 Lilian
77%
10 Lillian
77%
595 Lilyan
77%
119 Louisa
77%
17 Louise
77%
715 Luisa
77%
794 Lidia
76%
62 Lizzie
76%
75 Lydia
76%
41 Lena
75%
337 Lenna
75%
547 Lyn
75%
61 Lynn
75%
149 Lynne
75%
183 Lee
72%
213 Leigh
72%
235 Lara
70%
829 Layne
70%
797 Leana
69%
858 Leaner
69%
389 Leanna
69%
409 Liana
69%
38 Lainey
68%
482 Laney
68%
877 Lani
68%
795 Lanie
68%
889 Lannie
68%
665 Liv
66%
679 Leo
65%
80 Liliana
65%
633 Lilianna
65%
270 Lilliana
65%
770 Lillianna
65%
905 Lillyana
65%
473 Lilyana
65%
866 Lilyanna
65%
221 Lina
65%
874 Linna
65%
117 Lacey
63%
515 Laci
63%
552 Lacie
63%
253 Lacy
63%
907 Leslee
63%
269 Lesley
63%
839 Lesli
63%
60 Leslie
63%
389 Lesly
63%
255 Laurel
62%
368 Leann
62%
330 Leanne
62%
514 Leeann
62%
241 Lexi
62%
467 Lexie
62%
984 Lexis
62%
379 Libbie
62%
618 Libby
62%
98 Lucia
62%
118 Lucile
62%
29 Lucille
62%
39 Lindsay
59%
37 Lindsey
59%
631 Linsey
59%
502 Lyndsay
59%
365 Lyndsey
59%
693 Lynsey
59%
376 Lauretta
56%
882 Laurette
56%
63 Loretta
56%
153 Lucinda
56%
836 Larry
55%
69 Leona
55%
860 Leonia
55%
724 Livia
55%
17 Lois
55%
75 Lottie
55%
482 Lyra
55%
742 Lady
52%
863 Linette
51%
302 Lorna
51%
76 Lulu
51%
766 Lyanna
51%
225 Lynette
51%
431 Lynnette
51%
570 Loni
49%
463 Lonie
49%
482 Lonnie
49%
732 Love
49%
241 Leticia
48%
346 Letitia
48%
184 Lettie
48%
819 Letty
48%
472 Laraine
46%
376 Larissa
46%
232 Lilith
46%
314 Loraine
46%
923 Lorayne
46%
253 Lorena
46%
44 Lorraine
46%
994 Lorrayne
46%
336 Leone
45%
547 Leonie
45%
624 Lisbeth
45%
802 Lizabeth
45%
133 Lizbeth
45%
94 London
45%
160 Londyn
45%
460 Loula
45%
36 Lula
45%
935 Lulah
45%
516 Lular
45%
923 Laylani
44%
59 Leilani
44%
701 Leilany
44%
309 Lenore
44%
812 Leonor
44%
770 Leonore
44%
211 Leia
42%
183 Lenora
42%
314 Leonora
42%
291 Luciana
42%
546 Lollie
39%
402 Lorelai
39%
441 Lorelei
39%
299 Lona
38%
746 Lonna
38%
662 Louann
38%
219 Luann
38%
379 Luanne
38%
354 Lennie
37%
683 Lindy
37%
782 Lala
35%
923 Lalla
35%
912 Lise
35%
264 Logan
35%
483 Liberty
34%
847 Lassie
32%
615 Lera
32%
287 Lyric
32%
116 Lela
31%
496 Lelah
31%
633 Lelar
31%
634 Lella
31%
516 Laureen
30%
892 Laurene
30%
827 Laurine
30%
654 Lavenia
30%
360 Lavinia
30%
885 Lavonia
30%
319 Leta
30%
612 Letta
30%
193 Lida
30%
700 Lisette
30%
691 Lissette
30%
628 Lizette
30%
984 Lorean
30%
957 Loreen
30%
167 Lorene
30%
396 Lorine
30%
441 Louvenia
30%
427 Luvenia
30%
998 Lavender
28%
597 Lavern
28%
166 Laverne
28%
902 Louanna
28%
651 Luana
28%
228 Lennon
27%
236 Lessie
27%
238 Louella
27%
120 Luella
27%
756 Lakelyn
25%
674 Lakelynn
25%
141 Latasha
25%
843 Latesha
25%
245 Latisha
25%
472 Latosha
25%
892 Leala
25%
745 Linnea
25%
992 Lovey
25%
392 Lovie
25%
296 Lakeisha
24%
339 Lakesha
24%
214 Lakisha
24%
896 Laniyah
24%
357 Leighton
24%
470 Lexus
24%
189 Linnie
24%
698 Lita
24%
720 Lota
24%
370 Lotta
24%
589 Lennox
23%
454 Luz
23%
242 Lyda
23%
81 Latoya
20%
611 Leda
20%
892 Laken
18%
793 Landry
18%
492 Lissie
18%
995 Loria
18%
349 Lavina
17%
1000 Lavona
17%
340 Lesa
17%
567 Lolita
17%
525 Lovina
17%
394 Latanya
15%
481 Latonia
15%
203 Latonya
15%
734 Leva
15%
301 Leora
14%
790 Lesta
14%
887 Lester
14%
598 Lisha
14%
538 Lourdes
14%
882 Latarsha
13%
804 Leandra
13%
955 Louisiana
13%
317 Lupe
13%
641 Laverna
11%
859 Lemma
11%
300 Louie
11%
388 Ladonna
10%
434 Legacy
10%
166 Leola
10%
286 Leota
10%
620 Loma
10%
666 Loriann
10%
896 Lucina
10%
986 Luda
10%
238 Letha
8%
469 Liddie
8%
713 Lidie
8%
875 Litha
8%
982 Loda
8%
968 Loyalty
8%
207 Lucretia
8%
202 Lura
8%
940 Lavelle
7%
554 Lavon
7%
275 Lavonne
7%
778 Levina
7%
671 Lizeth
7%
961 Lorenza
7%
765 Lorinda
7%
931 Lossie
7%
794 Lurline
7%
983 Laisha
6%
605 Lashanda
6%
404 Lashonda
6%
939 Lashunda
6%
366 Lawanda
6%
871 Leisha
6%
164 Lelia
6%
574 Lesia
6%
890 Littie
6%
388 Litzy
6%
863 Loris
6%
395 Ludie
6%
657 Lulie
6%
749 Lanette
4%
423 Lashawn
4%
979 Leland
4%
727 Lucero
4%
701 Latifah
3%
522 Latrice
3%
960 Latrina
3%
453 Leatha
3%
950 Lethia
3%
772 Louetta
3%
895 Lovisa
3%
864 Lucetta
3%
600 Luetta
3%
929 Lakendra
1%
739 Laquita
1%
593 Larue
1%
927 Lavonda
1%
351 Leatrice
1%
551 Leisa
1%
942 Leoma
1%
716 Leontine
1%
824 Lockie
1%
876 Luberta
1%
565 Lugenia
1%
987 Lurana
1%
382 Lutie
1%
941 Lahoma
0%
576 Lakeshia
0%
973 Lasonya
0%
920 Latoria
0%
672 Latricia
0%
595 Lavada
0%
850 Lavera
0%
711 Leitha
0%
801 Lillis
0%
722 Loretto
0%
686 Loyce
0%
781 Lucindy
0%
No matching quizzes found
Score Distribution
Percent of People with Each Score
Percentile by Number Answered
Your Score History
You have not taken this quiz